From Christian Egypt to Islamic Egypt : religion, identity and politics after the Arab conquest /

محفوظ في:

المؤلف الرئيسي: Mikhail, Maged S. A., 1974- (مؤلف)

التنسيق: كتاب

اللغة: English

منشور في: Cairo : The American university in Cairo press, 2014.

الموضوعات:

الوسوم: إضافة وسم

لا توجد وسوم, كن أول من يضع وسما على هذه التسجيلة!

رقم الطلب: DT95 .M82 2014

LEADER 00878namaa2200265 4500
001 24521
003 OSt
005 20250720100704.0
008 130303s2014 ua b 001 0 eng d
020 |a 9789774166822 
020 |a 9774166825 
040 |c ARCE Library 
043 |a f-ua--- 
050 4 |a DT95 .M82 2014 
100 1 |a Mikhail, Maged S. A.,   |d 1974-   |e author 
245 1 0 |a From Christian Egypt to Islamic Egypt :   |b religion, identity and politics after the Arab conquest /   |c Maged S. A. Mikhail. 
264 1 |a Cairo :   |b The American university in Cairo press,   |c 2014. 
300 |a xiii, 429 pages ;   |c 23 cm. 
504 |a Includes bibliographical references (p [383]-408) and index. 
650 0 |a Christians  |z Egypt  |x History. 
650 0 |a Muslims  |z Egypt  |x History. 
651 0 |a Egypt  |x History  |y To 640 A.D. 
901 |a reviewed 
942 |c BK  |2 lcc 
999 |c 22868  |d 22868